<?xml version="1.0" encoding="utf-8"?>
<?xml-stylesheet type='text/xsl' href='./oai2.xsl'?>
<OAI-PMH xmlns="http://www.openarchives.org/OAI/2.0/" xmlns:xsi="http://www.w3.org/2001/XMLSchema-instance" xsi:schemaLocation="http://www.openarchives.org/OAI/2.0/ http://www.openarchives.org/OAI/2.0/OAI-PMH.xsd">
  <responseDate>2026-06-06T12:02:39Z</responseDate>
  <request verb="GetRecord" metadataPrefix="marcxml" identifier="record_kuniweb_399737">https://kulturerbe.niedersachsen.de/oai</request>
  <GetRecord>
    <record>
      <header>
        <identifier>record_kuniweb_399737</identifier>
        <datestamp>2026-03-31T19:09:18Z</datestamp>
        <setSpec>slg0186</setSpec>
      </header>
      <metadata>
        <marc:record xmlns:marc="http://www.loc.gov/MARC21/slim" xsi:schemaLocation="http://www.loc.gov/MARC21/slim http://www.loc.gov/standards/marcxml/schema/MARC21slim.xsd">
          <marc:leader>12345nrm  22     uu 4500</marc:leader>
          <marc:controlfield tag="001">399737</marc:controlfield>
          <marc:controlfield tag="003">http://kuniweb.gbv.de</marc:controlfield>
          <marc:controlfield tag="005">2022-09-20T15:54:40</marc:controlfield>
          <marc:controlfield tag="008">|           ||||||||||||||||||||||</marc:controlfield>
          <marc:datafield tag="245" ind1="1" ind2="0">
            <marc:subfield code="a">Türbekrönung der Kohlmarkt-Synagoge</marc:subfield>
          </marc:datafield>
          <marc:datafield tag="655" ind1=" " ind2="7">
            <marc:subfield code="a">Kunst am Bau</marc:subfield>
          </marc:datafield>
          <marc:datafield tag="046" ind1=" " ind2=" ">
            <marc:subfield code="k">1725</marc:subfield>
            <marc:subfield code="k">1725/26 (anhand des in die Inschrift eingebundenen Chronogramms (486, d. h. 5486 des jüdischen Kalenders: 28.08.1725 - 14.09.1726))</marc:subfield>
            <marc:subfield code="l">1726</marc:subfield>
          </marc:datafield>
          <marc:datafield tag="260" ind1=" " ind2=" ">
            <marc:subfield code="g">1725</marc:subfield>
            <marc:subfield code="g">1726</marc:subfield>
            <marc:subfield code="g">1725/26 (anhand des in die Inschrift eingebundenen Chronogramms (486, d. h. 5486 des jüdischen Kalenders: 28.08.1725 - 14.09.1726))</marc:subfield>
          </marc:datafield>
          <marc:datafield tag="300" ind1=" " ind2=" ">
            <marc:subfield code="a">Tiefe: 12 cm
Höhe: 59 cm
Breite: 116 cm</marc:subfield>
          </marc:datafield>
          <marc:datafield tag="520" ind1=" " ind2=" ">
            <marc:subfield code="a">Türbekrönung der alten Braunschweiger Synagoge am Kohlmarkt: Dekorative Holztafel mit weiß-marmorierter Schnitzerei. Über einer schwarzen Tafel mit vergoldeten hebräischen Buchstaben ein halbkreisförmiges Gesims mit zwei seitlichen Vasenaufsätzen mit reichen Blumensträußen an den Ecken über Akanthuskonsolen. Das Bogenfeld ist gefüllt mit durchbrochen geschnitztem Rankenwerk und  einer Mittelvolute. (Städtisches Museum Braunschweig)

Inschrift:
"Wie furchtgebietend ist diese Stätte! Hier ist nichts anderes als das Haus Gottes" (in Hebräisch (1. Mose, 28,17))

Gebrauchsort:
Braunschweig

Literatur in Zusammenhang:
Meier - Steinacker: Bau- und Kunstdenkmäler der Stadt Braunschweig, 2. Aufl. 1926, S. 49.

Veröffentlicht in:
H.-J. Derda und H. Pöppelmann, „Geschichte, Museum, Religionen“, Forschungen und Berichte des Braunschweigischen Landesmuseums, Bd. Neue Folge, 2. Verlag Uwe Krebs, Wendeburg, 2018. (S. 52, Abb. 3.)</marc:subfield>
          </marc:datafield>
          <marc:datafield tag="650" ind1="1" ind2=" ">
            <marc:subfield code="a">Architektur &gt; Architektureinzelteil &gt; Sopraporte</marc:subfield>
          </marc:datafield>
          <marc:datafield tag="650" ind1="1" ind2=" ">
            <marc:subfield code="a">Wände/Decken</marc:subfield>
          </marc:datafield>
          <marc:datafield tag="773" ind1="0" ind2=" ">
            <marc:subfield code="t">Sammlung Kunstgewerbe</marc:subfield>
          </marc:datafield>
          <marc:datafield tag="852" ind1=" " ind2=" ">
            <marc:subfield code="a">Städtisches Museum Braunschweig</marc:subfield>
          </marc:datafield>
          <marc:datafield tag="" ind1=" " ind2=" ">
            <marc:subfield code="a">Namensnennung - Nicht kommerziell - Keine Bearbeitungen 4.0 International (CC BY-NC-ND 4.0)</marc:subfield>
          </marc:datafield>
        </marc:record>
      </metadata>
    </record>
  </GetRecord>
</OAI-PMH>
